00478 a2200181 4500001000700000020001800007041000800025082000800033250001000041300001000051490004100061830004100102856002400143040002500167100002800192245002800220260004800248114183 a9781426307102 aeng a599 a. ed. a31 p. aNational Geographic readers. Level 2 aNational Geographic readers. Level 2 u000015/000015a1.jpg aBR-BrIDEAcBR-BrIDEA aCarney, Elizabethd198110aBatsc Elizabeth Carney aWashington, D.C.bNational Geographicc2010